000 00980 a2200217 4500
001 4274
005 20260407155432.0
008 260407a2010 arg spa d
003 AR-UNSa-BCEJYS
040 _aAR-UNSa-BCEJYS
_bspa
_cAR-UNSa-BCEJYS
080 _a342
_xDerecho constitucional (Derecho Público)
245 1 0 _aLa seguridad jurídica
_pinstrumento y valor de la magistratura
020 _a978-987-03-1731-9
264 1 _aBuenos Aires :
_bUniversidad de Buenos Aires. Facultad de Derecho. Departamento de Publicaciones
_c2010
300 _aviii, 126 p.
_c24 cm.
505 _a1. Preámbulo - 2. Propuestas específicas - 3. Reglas mínimas sobre seguridad jurídica - 4. Manual sobre seguridad jurídica
942 _cBK
590 _aniveau_biblio:m niveau_hierar:0
100 1 _aDalla Via, Alberto Ricardo
856 4 1 _uhttps://biblioeco.unsa.edu.ar/pmb/images/libros/La seguridad juridica instrumento y valor de la gistratura-l118368.jpg
_yImagen de portada
_qimage/jpeg
999 _c405
_d405